Arrondissements de Normandie – Carte Quiz - Statistiques

Statistiques générales
  • Ce quiz a été pris 40 fois
  • Le résultat moyen est 10 sur 17
Réponses sur la Carte
Les réponses sont colorées sur une échelle allant du rouge au vert en fonction du pourcentage des utilisateurs qui les ont devinées à leur premier essai. Vous pouvez retrouver ces pourcentages ci-dessous.
 
Statistiques - réponses
Réponse % Correct
Cherbourg
100%
Dieppe
79%
Bayeux
75%
Le Havre
75%
Caen
67%
Alençon
63%
Saint-Lô
63%
Lisieux
58%
Rouen
58%
Évreux
54%
Mortagne-au-Perche
54%
Argentan
50%
Coutances
50%
Avranches
46%
Vire
46%
Andelys
42%
Bernay
38%
Aucun quiz correspondant
Distribution des résultats
% des personnes avec chaque résultat
Percentile par nombre de réponses
Votre historique - résultats
Vous n’avez pas pris ce quiz